Computational genome analysis : an introduction /

Guardado en:
Autor Principal: Deonier, R. C.
Otros Autores: Tavaré, Simon., Waterman, Michael S.
Formato: Libro
Idioma:English
Publicado: New York : Springer, 2005.
Materias:
Acceso en línea:Publisher description
Etiquetas: Agregar Etiqueta
Sin Etiquetas, Sea el primero en etiquetar este registro!
LEADER 00890cam a22002414a 4500
001 MAT.inmabb004039
008 041019s2005####nyua#####b####001#0#eng##
005 20130225114557.0
245 1 0 |a Computational genome analysis :  |b an introduction /  |c Richard C. Deonier, Simon Tavaré, Michael S. Waterman. 
260 |a New York :  |b Springer,  |c 2005. 
300 |a xx, 534 p. :  |b il. (algunas col.) ;  |c 24 cm. 
504 |a Incluye referencias bibliográficas e índice. 
510 4 |a MR,  |c 2006i:92001 
020 |a 0387987851 
100 1 |a Deonier, R. C. 
700 1 |a Tavaré, Simon. 
700 1 |a Waterman, Michael S. 
650 0 |a Genetics  |x Mathematics. 
084 |a 92-02 (62P10 92D15 92D20)  |2 msc2000 
010 |a  2004059191 
040 |a DLC  |c DLC  |d DLC 
856 4 2 |3 Publisher description  |u http://www.loc.gov/catdir/enhancements/fy0662/2004059191-d.html 
859 |h 92  |i D418  |p A-8398  |b BIB. MATEMATICA